On This Day: June 12th II Quiz Stats

 Plays Quiz Updated Jun 12, 2018

Score 0/7 Timer 03:00
0 Plays Today
Question Answer Wrong Answers
In London, Queen Elizabeth II opens a reconstruction of the Globe Theatre, an Elizabethan playhouse historically associated with this poet and playwright.
1997
William Shakespeare
95%
Charles Dickens
1.3%
Edgar Allan Poe
1.1%
Oscar Wilde
1.3%
This country holds their first ever presidential elections, resulting in victory for Boris Yeltsin.
1991
Russia
94.2%
Bulgaria
0.8%
Romania
1.5%
Ukraine
2.5%
England installs a municipal government in this city, formerly the Dutch settlement of New Amsterdam.
1665
New York
88.3%
Boston
3.1%
Philadelphia
3.2%
Jamestown
5.3%
Martial law is declared in ______. The British offer to pardon all colonists who lay down their arms, except for Samuel Adams and John Hancock.
1775
Massachusetts
80.3%
Maine
1.3%
Virginia
16%
Georgia
2.2%
In this city, Anne Frank receives a diary for her thirteenth birthday.
1942
Amsterdam
79.6%
Paris
1%
Berlin
7.8%
Warsaw
11.2%
This film, directed by Steven Spielberg, executive produced by George Lucas, and starring Harrison Ford, premiers.
1981
Raiders of the Lost Ark
77.1%
The Empire Strikes Back
16.2%
American Graffiti
3%
Blade Runner
3%
Incumbent President Mahmoud Ahmadinejad wins a disputed election in ______, leading to wide-ranging local and international protests.
2009
Iran
70.2%
Pakistan
16.9%
India
3.2%
Turkey
8.4%

You're not logged in!

Compare scores with friends on all Sporcle quizzes.
OR
Log In

Sporcle TV

Today on Sporcle TV


Watch our educational content, quiz creation guides, and fun videos on Sporcle TV.

Show Comments

Extras

Top Quizzes Today


Score Distribution

Your Account Isn't Verified!

In order to create a playlist on Sporcle, you need to verify the email address you used during registration. Go to your Sporcle Settings to finish the process.

Report this User

Report this user for behavior that violates our Community Guidelines.

Details: